Nomi italiani di città straniere - Asia - Statistics

Statistiche generali
  • Questo quiz è stato fatto 82 volte
  • Il punteggio medio è 14 su 30
Statistiche sulle risposte
Nome locale Nome italiano % Corretto
Jakarta (Indonesia) Giacarta
89%
Dimasq (Siria) Damasco
88%
Singapura (Singapore) Singapore
86%
al-Madina (Arabia Saudita) Medina
83%
Beijing (Cina) Pechino
82%
Dakha (Bangladesh) Dacca
80%
Yerushalayim (Israele) Gerusalemme
79%
Istanbul (Turchia) Costantinopoli
71%
Taibei Shi (Taiwan) Taipei
71%
Kolkata (India) Calcutta
70%
Makka al-mukarrama (Arabia Saudita) La Mecca
61%
Nanjing (Cina) Nanchino
58%
al-Nasiriyya (Iraq) Nassiriya
58%
Antakya (Turchia) Antiochia
56%
Izmir (Turchia) Smirne
55%
Trabzon (Turchia) Trebisonda
45%
Thanh po Ho Chi Minh (Vietnam) Saigon
42%
Guangzhou (Cina) Canton
41%
Halab (Siria) Aleppo
39%
Tianjin (Cina) Tientsin
23%
Antalya (Turchia) Adalia
21%
Edirne (Turchia) Adrianopoli
20%
Ashkelon (Israele) Ascalona
18%
Varanasi (India) Benares
17%
Iskenderun (Turchia) Alessandretta
15%
al-Ladhiqiyya (Siria) Laodicea
12%
Akko (Israele) Acri
11%
Gelibolu (Turchia) Gallipoli
11%
al-Raqqa (Siria) Callinico
6%
Izmit (Turchia) Nicomedia
5%
Nessun quiz corrispondente trovato
Distribuzione punteggi
Percentuale di utenti per punteggio
Percentile per numero di risposta
I tuoi punteggi nel tempo
Non hai fatto questo quiz